LEADER 00978cam0-2200313---450- 001 990005076610403321 005 20090610103106.0 035 $a000507661 035 $aFED01000507661 035 $a(Aleph)000507661FED01 035 $a000507661 100 $a19990604d1900----km-y0itay50------ba 101 0 $ager 102 $aDE 105 $ay-------001yy 200 1 $aZur Geschichte der Diphthongierung im Altprovenzalischen$fvon Carl Voretzsch 210 $aHalle$cNiemeyer$d1900 215 $aVI, 79 p.$d24 cm 300 $aEstratto da: Forschungen zur romanischen Philologie : Festgabe für Hermann Suchier 610 0 $aLingua provenzale$aOrigini 676 $a449 700 1$aVoretzsch,$bKarl$f<1867-1947>$0189325 801 0$aIT$bUNINA$gRICA$2UNIMARC 901 $aBK 912 $a990005076610403321 952 $a449 VOR 1$bIst.f.m.10801$fFLFBC 959 $aFLFBC 996 $aZur Geschichte der Diphthongierung im Altprovenzalischen$9531353 997 $aUNINA LEADER 01804nam 2200433 a 450 001 9910692521203321 005 20040630154441.0 035 $a(CKB)5470000002354246 035 $a(OCoLC)55792087 035 9 $aocm55792087 035 $a(OCoLC)995470000002354246 035 $a(EXLCZ)995470000002354246 100 $a20040630d2000 ua 0 101 0 $aeng 135 $auran|||||| 181 $ctxt$2rdacontent 182 $cc$2rdamedia 183 $acr$2rdacarrier 200 10$aPension Benefit Guaranty Corporation$b[electronic resource] $eappearance of improper influence in certain contract awards : testimony before the Special Committee on Aging and the Committee on Small Business, United States Senate /$fstatement of Robert H. Hast 210 1$a[Washington, D.C.] :$cU.S. General Accounting Office,$d[2000] 225 1 $aTestimony ;$vT-OSI-00-17 300 $aTitle from title screen (viewed on June 23, 2004). 300 $a"For release ... September 21, 2000." 300 $aPaper version available from: U.S. General Accounting Office, 441 G St., NW, Rm. LM, Washington, D.C. 20548. 320 $aIncludes bibliographical references. 517 $aPension Benefit Guaranty Corporation 606 $aPublic contracts$zUnited States$xEvaluation 615 0$aPublic contracts$xEvaluation. 700 $aHast$b Robert H$01380817 712 02$aPension Benefit Guaranty Corporation. 712 02$aUnited States.$bCongress.$bSenate.$bCommittee on Small Business. 712 02$aUnited States.$bCongress.$bSenate.$bSpecial Committee on Aging. 712 02$aUnited States.$bGeneral Accounting Office. 801 0$bGPO 801 1$bGPO 906 $aBOOK 912 $a9910692521203321 996 $aPension Benefit Guaranty Corporation$93429983 997 $aUNINA